Personnages Harry Potter - S - Statistiques

Statistiques générales
  • Ce quiz a été pris 561 fois
  • Le résultat moyen est 4 sur 11
Statistiques - réponses
Non Personnages % Correct
4 Severus Rogue
81%
7 Sirius Black
76%
1 Salazar Serpentard
63%
3 Seamus Finnigan
54%
5 Sibylle Trelawney
39%
11 Susan Bones
22%
9 Stan Rocade
21%
2 Scorpius Malefoy
16%
8 Septima Vector
15%
10 Sturgis Podmore
11%
6 Silvanus Brûlopot
6%
Aucun quiz correspondant
Distribution des résultats
% des personnes avec chaque résultat
Percentile par nombre de réponses
Votre historique - résultats
Vous n’avez pas pris ce quiz